000 00902nam a22002291 4500
001 180129
003 ES-MaACL
005 20230906221015.0
008 120420s1950 sp |||| | spa d
080 _a801.3
100 1 _aCasares, Julio,
_d1877-1964
_936157
245 1 0 _aIntroducción a la lexicografía moderna /
_cJulio Casares ; prólogo de W. von Wartburg.
260 _aMadrid :
_bConsejo Superior de Investigaciones Científicas, Patronato "Menéndez y Pelayo", Instituto "Miguel de Cervantes",
_c1950.
300 _aXVI, 354 p. ;
_c24 cm.
490 1 _aAnejos de "La Revista de Filología Española" ;
_v52
650 0 4 _aLexicografía.
_914374
700 0 _aWartburg, Walter von.
_9116136
710 2 _aInstituto "Miguel de Cervantes"
_95133
830 0 _aAnejos de "La Revista de Filología Española" ;
_v52
_9191161
852 _aES-MaACL
_jE-15399
999 _c180129
_d180129